Central Library OPAC University of Rajshahi

Statistical mapping and the presentation of statistics / (Record no. 8371)

MARC details
000 -LEADER
fixed length control field 00749nam a2200241 a 4500
001 - CONTROL NUMBER
control field 8371
003 - CONTROL NUMBER IDENTIFIER
rucl marc code BD-RjUL
005 - DATE AND TIME OF LATEST TRANSACTION
control field 20211208234558.0
008 - FIXED-LENGTH DATA ELEMENTS--GENERAL INFORMATION
fixed length control field 140118r19681963enkab 000 0 eng d
020 ## - INTERNATIONAL STANDARD BOOK NUMBER
International Standard Book Number 071315117X
035 ## - SYSTEM CONTROL NUMBER
System control number (BD-RjUL)8416
040 ## - CATALOGING SOURCE
Original cataloging agency D2035
Language of cataloging eng
Transcribing agency D2035
Modifying agency BD-RjUL
041 ## - LANGUAGE CODE
Language code of text/sound track or separate title eng
082 04 - DEWEY DECIMAL CLASSIFICATION NUMBER
Classification number 526.8028
Author mark and year DIS 1968
100 1# - MAIN ENTRY--PERSONAL NAME
Personal name Dickinson, G.G.
9 (RLIN) 26070
245 10 - TITLE STATEMENT
Title Statistical mapping and the presentation of statistics /
Statement of responsibility, etc. by G.C. Dickinson.
260 ## - PUBLICATION, DISTRIBUTION, ETC. (IMPRINT)
Place of publication, distribution, etc. London :
Name of publisher, distributor, etc. E. Arnold,
Date of publication, distribution, etc. 1963 [reprinted 1968].
300 ## - PHYSICAL DESCRIPTION
Pagination 160p. :
Illustrations diagrs., maps.
Size 26 cm.
504 ## - BIBLIOGRAPHY, ETC. NOTE
Bibliography, etc Includes bibliographical references and Index..
650 #0 - SUBJECT ADDED ENTRY--TOPICAL TERM
Topical term or geographic name as entry element Maps, Statistical.
9 (RLIN) 26071
Topical term or geographic name as entry element Statistics
General subdivision Graphic methods.
9 (RLIN) 6754
942 ## - ADDED ENTRY ELEMENTS (KOHA)
Source of classification or shelving scheme Dewey Decimal Classification
Koha item type Books
Holdings
Lost status Source of classification or shelving scheme Damaged status Not for loan Collection code Permanent Location Current Location Shelving location Date acquired Source of acquisition Cost, normal purchase price Total Checkouts Full call number Date last seen Copy number Koha item type
  Dewey Decimal Classification   Not For Loan Non-fiction Central Library, University of Rajshahi Central Library, University of Rajshahi   20/11/1965 Zeithlinger. 21.00   526.8028 DIS 1964 18/01/2014 C-1 Books
  Dewey Decimal Classification     Non-fiction Central Library, University of Rajshahi Central Library, University of Rajshahi   10/01/1970 Zeithlinger. 24.00   526.8028 DIS 1968 18/01/2014 C-10 Books
  Dewey Decimal Classification     Non-fiction Central Library, University of Rajshahi Central Library, University of Rajshahi   10/01/1970 Zeit 24.00   526.8028 DIS 1968 18/01/2014 C-12 Books
  Dewey Decimal Classification     Non-fiction Central Library, University of Rajshahi Central Library, University of Rajshahi   10/01/1970 Zeithlinger. 24.00   526.8028 DIS 1968 18/01/2014 C-13 Books
  Dewey Decimal Classification     Non-fiction Central Library, University of Rajshahi Central Library, University of Rajshahi   31/07/1970 Zeithlinger. 24.00   526.8028 DIS 1968 18/01/2014 C-15 Books